| 000 | 01128nam a2200229Ia 4500 | ||
|---|---|---|---|
| 003 | Ost | ||
| 005 | 20260507075030.0 | ||
| 008 | 260507s9999||||xx |||||||||||||| ||und|| | ||
| 020 | _a5309079957 | ||
| 040 | _cfsecg | ||
| 041 | _aara | ||
| 082 | _a330 | ||
| 100 |
_aالصيرفي، محمد عبد الفتاح _eمؤلف |
||
| 245 | 0 |
_aدراسة الجدوى الإقتصادية وتقييم المشروعات / _c محمد عبد الفتاح الصيرفي |
|
| 260 |
_aعمان: _bدار الفكر للطباعة والنشر والتوزيع, _c2002 |
||
| 300 |
_a544 صفحة؛ _bإيضاحات ؛ _c24 سم |
||
| 520 | _aمفاهيم أساسية، الدراسة البيئية، الدراسة القانونية، الدراسة الفنية للمشروع، الدراسة الإدارية، الدراسة التجارية، الدراسة المالية، الدراسة الإقتصادية، تقرير دراسة الجدوى، دراسات وحالات تطبيقية | ||
| 653 | _aالمشروعات | ||
| 653 | _aتقييم الأداء | ||
| 653 | _aدراسة الجدوى | ||
| 942 | _cكتاب | ||
| 999 |
_c42393 _d42393 |
||